Statistics for Little Mix Quiz

Click here to take the quiz!

General Stats

  • This quiz has been taken 95 times
  • The average score is 7 of 15

Answer Stats

QuestionsAnswer% Correct
What year was Little Mix formed?2011
95%
Who's the youngest?Perrie
87%
Who's nickname used to be pickle?Jade
85%
Which member doesn't have a middle name?Leigh-Anne
82%
Who was their XFactor mentor?Tulisa
73%
What is Jade's mum's name?Norma
55%
Name Little Mix's single with a colour in the name?Black Magic
52%
What is Leigh-Anne&Perrie's mum's name?Debbie
46%
What is Jade's brother called?Karl
39%
Who is in which band?Rixton
26%
Who has Jesy recently split up fromJake Roche
25%
What is Jesy's mum's name?Janice
18%
What is Perrie's brother and sister called?Jonnie & Caitlin
5%
What are Leigh-Anne's sisters called?Sairah & Sian-Louise
1%
What is Jesy's brothers and sister called?Joesph, Jonathon & Jade
0%

Score Distribution

Percentile by Number Answered

Percent of People with Each Score

Your Score History

You have not taken this quiz